<?xml version="1.0" encoding="UTF-8"?>
<record
    xmlns:xsi="http://www.w3.org/2001/XMLSchema-instance"
    xsi:schemaLocation="http://www.loc.gov/MARC21/slim http://www.loc.gov/standards/marcxml/schema/MARC21slim.xsd"
    xmlns="http://www.loc.gov/MARC21/slim">

  <leader>01051nas a2200313 a 4500</leader>
  <controlfield tag="001">77535</controlfield>
  <controlfield tag="003">BD-RjUL</controlfield>
  <controlfield tag="005">20220112175436.0</controlfield>
  <controlfield tag="008">201116c19269999enkbr p       0   a0engdd</controlfield>
  <datafield tag="010" ind1=" " ind2=" ">
    <subfield code="a">LC 31-30999</subfield>
  </datafield>
  <datafield tag="022" ind1=" " ind2=" ">
    <subfield code="a">0024-6107</subfield>
  </datafield>
  <datafield tag="035" ind1=" " ind2=" ">
    <subfield code="a">(BD-RjUL)77535</subfield>
  </datafield>
  <datafield tag="040" ind1=" " ind2=" ">
    <subfield code="a">DLC</subfield>
    <subfield code="c">MUL</subfield>
    <subfield code="d">OCL</subfield>
    <subfield code="d">HUL</subfield>
    <subfield code="d">COO</subfield>
    <subfield code="d">DLC</subfield>
    <subfield code="d">m.c.</subfield>
    <subfield code="d">AIP</subfield>
    <subfield code="d">NSD</subfield>
    <subfield code="d">BD-RjUL</subfield>
    <subfield code="b">eng</subfield>
  </datafield>
  <datafield tag="041" ind1=" " ind2=" ">
    <subfield code="a">eng</subfield>
  </datafield>
  <datafield tag="082" ind1=" " ind2=" ">
    <subfield code="2">23</subfield>
    <subfield code="a">510.5</subfield>
    <subfield code="b">LOJ 1980</subfield>
  </datafield>
  <datafield tag="110" ind1="2" ind2=" ">
    <subfield code="a">London Mathematical Society.</subfield>
    <subfield code="9">241955</subfield>
  </datafield>
  <datafield tag="245" ind1="1" ind2="0">
    <subfield code="a">Journal of the London Mathematical Society /</subfield>
    <subfield code="c">London Mathematical Society.</subfield>
  </datafield>
  <datafield tag="260" ind1=" " ind2=" ">
    <subfield code="a">London :</subfield>
    <subfield code="b">London Mathematical Society,</subfield>
    <subfield code="c">1926-</subfield>
  </datafield>
  <datafield tag="300" ind1=" " ind2=" ">
    <subfield code="a"> v. ;</subfield>
    <subfield code="c">26 cm.</subfield>
  </datafield>
  <datafield tag="310" ind1=" " ind2=" ">
    <subfield code="a">Bimonthly,</subfield>
    <subfield code="b">&lt;Feb. 1986-&gt;</subfield>
  </datafield>
  <datafield tag="321" ind1=" " ind2=" ">
    <subfield code="a">Four no. a year,</subfield>
    <subfield code="b">1926-75</subfield>
  </datafield>
  <datafield tag="321" ind1=" " ind2=" ">
    <subfield code="a">Frequency varies,</subfield>
    <subfield code="b">1971-76</subfield>
  </datafield>
  <datafield tag="321" ind1=" " ind2=" ">
    <subfield code="a">3 no. a year,</subfield>
    <subfield code="b">1976-</subfield>
  </datafield>
  <datafield tag="362" ind1="0" ind2=" ">
    <subfield code="a">First series, vol. 1-44, (1926-69); second series, vol. 1 (1969) -</subfield>
  </datafield>
  <datafield tag="505" ind1=" " ind2=" ">
    <subfield code="a">Vol. 20 , Pt-1 1979---V.38, pt1-3 --</subfield>
  </datafield>
  <datafield tag="555" ind1=" " ind2=" ">
    <subfield code="a">Author index: v. 1-44, 1926-69. 1 v</subfield>
  </datafield>
  <datafield tag="650" ind1=" " ind2="0">
    <subfield code="a">Mathematics</subfield>
    <subfield code="v">Periodicals</subfield>
    <subfield code="9">241956</subfield>
  </datafield>
  <datafield tag="942" ind1=" " ind2=" ">
    <subfield code="2">ddc</subfield>
    <subfield code="c">CR</subfield>
  </datafield>
  <datafield tag="999" ind1=" " ind2=" ">
    <subfield code="c">77535</subfield>
    <subfield code="d">77535</subfield>
  </datafield>
  <datafield tag="952" ind1=" " ind2=" ">
    <subfield code="0">0</subfield>
    <subfield code="1">0</subfield>
    <subfield code="2">ddc</subfield>
    <subfield code="4">0</subfield>
    <subfield code="7">1</subfield>
    <subfield code="8">SR</subfield>
    <subfield code="a">RUCL</subfield>
    <subfield code="b">RUCL</subfield>
    <subfield code="d">2020-11-16</subfield>
    <subfield code="h">V-22(Pt.1) 1980</subfield>
    <subfield code="o">P 510.5 LOJ V-22(Pt.1) 1980</subfield>
    <subfield code="p">A82956</subfield>
    <subfield code="r">2020-11-16 00:00:00</subfield>
    <subfield code="t">C-1</subfield>
    <subfield code="y">CR</subfield>
  </datafield>
  <datafield tag="952" ind1=" " ind2=" ">
    <subfield code="0">0</subfield>
    <subfield code="1">0</subfield>
    <subfield code="2">ddc</subfield>
    <subfield code="4">0</subfield>
    <subfield code="5">1</subfield>
    <subfield code="7">1</subfield>
    <subfield code="8">NFIC</subfield>
    <subfield code="a">RUCL</subfield>
    <subfield code="b">RUCL</subfield>
    <subfield code="c">Serial</subfield>
    <subfield code="d">2020-11-17</subfield>
    <subfield code="h">Volume-23 Part-1 1981</subfield>
    <subfield code="l">0</subfield>
    <subfield code="o">P 510.5 LOJ V-23 Pt-1 1981</subfield>
    <subfield code="p">A82805</subfield>
    <subfield code="r">2020-11-17 00:00:00</subfield>
    <subfield code="t">C-1 </subfield>
    <subfield code="w">2020-11-17</subfield>
    <subfield code="y">CR</subfield>
  </datafield>
  <datafield tag="952" ind1=" " ind2=" ">
    <subfield code="0">0</subfield>
    <subfield code="1">0</subfield>
    <subfield code="2">ddc</subfield>
    <subfield code="4">0</subfield>
    <subfield code="5">1</subfield>
    <subfield code="7">1</subfield>
    <subfield code="8">NFIC</subfield>
    <subfield code="a">RUCL</subfield>
    <subfield code="b">RUCL</subfield>
    <subfield code="c">Serial</subfield>
    <subfield code="d">2020-11-17</subfield>
    <subfield code="h">Volume-24 Part-1 1981</subfield>
    <subfield code="l">0</subfield>
    <subfield code="o">P 510.5 LOJ V-24 Pt-1 1981</subfield>
    <subfield code="p">A82895</subfield>
    <subfield code="r">2020-11-17 00:00:00</subfield>
    <subfield code="t">C-1 </subfield>
    <subfield code="w">2020-11-17</subfield>
    <subfield code="y">CR</subfield>
  </datafield>
  <datafield tag="952" ind1=" " ind2=" ">
    <subfield code="0">0</subfield>
    <subfield code="1">0</subfield>
    <subfield code="2">ddc</subfield>
    <subfield code="4">0</subfield>
    <subfield code="5">1</subfield>
    <subfield code="7">1</subfield>
    <subfield code="8">NFIC</subfield>
    <subfield code="a">RUCL</subfield>
    <subfield code="b">RUCL</subfield>
    <subfield code="c">Serial</subfield>
    <subfield code="d">2020-11-17</subfield>
    <subfield code="h">Volume-21 Part-1 1980</subfield>
    <subfield code="l">0</subfield>
    <subfield code="o">P 510.5 LOJ V-21 pT-1 1980</subfield>
    <subfield code="p">A82275</subfield>
    <subfield code="r">2020-11-17 00:00:00</subfield>
    <subfield code="t">C-1</subfield>
    <subfield code="w">2020-11-17</subfield>
    <subfield code="y">CR</subfield>
  </datafield>
  <datafield tag="952" ind1=" " ind2=" ">
    <subfield code="0">0</subfield>
    <subfield code="1">0</subfield>
    <subfield code="2">ddc</subfield>
    <subfield code="4">0</subfield>
    <subfield code="5">1</subfield>
    <subfield code="7">1</subfield>
    <subfield code="a">RUCL</subfield>
    <subfield code="b">RUCL</subfield>
    <subfield code="c">Serial</subfield>
    <subfield code="d">2020-11-17</subfield>
    <subfield code="h">Volume-20 Part-1 1979</subfield>
    <subfield code="l">0</subfield>
    <subfield code="o">P 510.5 LOJ V-20 Pt-1 1979</subfield>
    <subfield code="p">A83810</subfield>
    <subfield code="r">2020-11-17 00:00:00</subfield>
    <subfield code="t">C-1</subfield>
    <subfield code="w">2020-11-17</subfield>
    <subfield code="y">CR</subfield>
  </datafield>
  <datafield tag="952" ind1=" " ind2=" ">
    <subfield code="0">0</subfield>
    <subfield code="1">0</subfield>
    <subfield code="2">ddc</subfield>
    <subfield code="4">0</subfield>
    <subfield code="5">1</subfield>
    <subfield code="7">1</subfield>
    <subfield code="8">SR</subfield>
    <subfield code="a">RUCL</subfield>
    <subfield code="b">RUCL</subfield>
    <subfield code="c">Serial</subfield>
    <subfield code="d">2020-11-18</subfield>
    <subfield code="h">Volume-33 Part-1-3 1986</subfield>
    <subfield code="l">0</subfield>
    <subfield code="o">P 510.5 LOJ V-33 Pt-1-3 1986</subfield>
    <subfield code="p">A107823</subfield>
    <subfield code="r">2020-11-18 00:00:00</subfield>
    <subfield code="t">C-1</subfield>
    <subfield code="w">2020-11-18</subfield>
    <subfield code="y">CR</subfield>
  </datafield>
  <datafield tag="952" ind1=" " ind2=" ">
    <subfield code="0">0</subfield>
    <subfield code="1">0</subfield>
    <subfield code="2">ddc</subfield>
    <subfield code="4">0</subfield>
    <subfield code="5">1</subfield>
    <subfield code="7">1</subfield>
    <subfield code="8">SR</subfield>
    <subfield code="a">RUCL</subfield>
    <subfield code="b">RUCL</subfield>
    <subfield code="c">Serial</subfield>
    <subfield code="d">2020-11-18</subfield>
    <subfield code="h">Volume-34 Part.1-3 1986</subfield>
    <subfield code="l">0</subfield>
    <subfield code="o">P 510.5 LOJ V-34 Pt.1-3 1986</subfield>
    <subfield code="p">A107964</subfield>
    <subfield code="r">2020-11-18 00:00:00</subfield>
    <subfield code="t">C-1</subfield>
    <subfield code="w">2020-11-18</subfield>
    <subfield code="y">CR</subfield>
  </datafield>
  <datafield tag="952" ind1=" " ind2=" ">
    <subfield code="0">0</subfield>
    <subfield code="1">0</subfield>
    <subfield code="2">ddc</subfield>
    <subfield code="4">0</subfield>
    <subfield code="5">1</subfield>
    <subfield code="7">1</subfield>
    <subfield code="8">SR</subfield>
    <subfield code="a">RUCL</subfield>
    <subfield code="b">RUCL</subfield>
    <subfield code="c">Serial</subfield>
    <subfield code="d">2020-11-18</subfield>
    <subfield code="h">Volume-36 Part.1-3 1987</subfield>
    <subfield code="l">0</subfield>
    <subfield code="o">P 510.5 LOJ V-36 Pt.1-3 1987</subfield>
    <subfield code="p">A110000</subfield>
    <subfield code="r">2020-11-18 00:00:00</subfield>
    <subfield code="t">C-1</subfield>
    <subfield code="w">2020-11-18</subfield>
    <subfield code="y">CR</subfield>
  </datafield>
  <datafield tag="952" ind1=" " ind2=" ">
    <subfield code="0">0</subfield>
    <subfield code="1">0</subfield>
    <subfield code="2">ddc</subfield>
    <subfield code="4">0</subfield>
    <subfield code="5">1</subfield>
    <subfield code="7">1</subfield>
    <subfield code="8">SR</subfield>
    <subfield code="a">RUCL</subfield>
    <subfield code="b">RUCL</subfield>
    <subfield code="c">Serial</subfield>
    <subfield code="d">2020-11-18</subfield>
    <subfield code="h">Volume-35 Part-1-3 1987</subfield>
    <subfield code="l">0</subfield>
    <subfield code="o">P 510.5 LOJ V-35Pt.1- 3 1987</subfield>
    <subfield code="p">A107824</subfield>
    <subfield code="r">2020-11-18 00:00:00</subfield>
    <subfield code="t">C-1</subfield>
    <subfield code="w">2020-11-18</subfield>
    <subfield code="y">CR</subfield>
  </datafield>
  <datafield tag="952" ind1=" " ind2=" ">
    <subfield code="0">0</subfield>
    <subfield code="1">0</subfield>
    <subfield code="2">ddc</subfield>
    <subfield code="4">0</subfield>
    <subfield code="5">1</subfield>
    <subfield code="7">1</subfield>
    <subfield code="a">RUCL</subfield>
    <subfield code="b">RUCL</subfield>
    <subfield code="c">Serial</subfield>
    <subfield code="d">2020-11-19</subfield>
    <subfield code="h">Volume - 38  Part1-3 1988</subfield>
    <subfield code="l">0</subfield>
    <subfield code="o">P 510.5 LOJ V-38 Pt.1-3 1980</subfield>
    <subfield code="p">A109942</subfield>
    <subfield code="r">2020-11-19 00:00:00</subfield>
    <subfield code="t">C-1</subfield>
    <subfield code="w">2020-11-19</subfield>
    <subfield code="y">CR</subfield>
  </datafield>
  <datafield tag="952" ind1=" " ind2=" ">
    <subfield code="0">0</subfield>
    <subfield code="1">0</subfield>
    <subfield code="2">ddc</subfield>
    <subfield code="4">0</subfield>
    <subfield code="5">1</subfield>
    <subfield code="7">1</subfield>
    <subfield code="8">SR</subfield>
    <subfield code="a">RUCL</subfield>
    <subfield code="b">RUCL</subfield>
    <subfield code="c">Serial</subfield>
    <subfield code="d">2020-11-19</subfield>
    <subfield code="h">V-37  Pt-1-3 1988</subfield>
    <subfield code="l">0</subfield>
    <subfield code="o">P 510.5 LOJ V-38Pt.1-3 1988</subfield>
    <subfield code="p">A108672</subfield>
    <subfield code="r">2020-11-19 00:00:00</subfield>
    <subfield code="t">C-1</subfield>
    <subfield code="w">2020-11-19</subfield>
    <subfield code="y">CR</subfield>
  </datafield>
</record>
